[Event "Titled Tuesday intern op 01st Nov Late"]
[Site "Chess.com INT"]
[Date "2022.11.01"]
[Round "2"]
[White "Leiva, German"]
[Black "Silva, Caio Henrique Angel"]
[Result "1-0"]
[WhiteElo "2366"]
[BlackElo "2090"]
[PlyCount "55"]
[EventDate "2022.11.01"]
[EventType "swiss (blitz)"]
[EventRounds "11"]
[EventCountry "USA"]
[SourceTitle "EXT 2024"]
[Source "ChessBase"]
[SourceDate "2023.10.10"]
[SourceVersion "1"]
[SourceVersionDate "2023.10.10"]
[SourceQuality "1"]

1. e4 c6 2. d3 d5 3. Nf3 Qc7 4. g3 g6 5. Bg2 Bg7 6. 0-0 e5 7. Nc3 Ne7 8. d4 dxe4 9. Nxe5 f5 10. Bf4 Qd8 11. f3 exf3 12. Qxf3 0-0 13. Rad1 Be6 14. Rfe1 Bd5 15. Nxd5 Nxd5 16. Qb3 Na6 17. Qxb7 Nxf4 18. gxf4 Qb6 19. Bxc6 Rab8 20. Bd5+ Kh8 21. Qxb6 Rxb6 22. Nd7 Rxb2 23. Nxf8 Bxf8 24. Bb3 Nb4 25. Rb1 Bg7 26. c3 Rxb1 27. Rxb1 Nd3 28. Bc4 1-0

[Event "Titled Tuesday intern op 11th Oct Early"]
[Site "Chess.com INT"]
[Date "2022.10.11"]
[Round "1"]
[White "Leiva, German"]
[Black "Chernomordik, Pavel"]
[Result "1-0"]
[WhiteElo "2366"]
[BlackElo "2200"]
[PlyCount "57"]
[EventDate "2022.10.11"]
[EventType "swiss (blitz)"]
[EventRounds "11"]
[EventCountry "USA"]
[SourceTitle "EXT 2024"]
[Source "ChessBase"]
[SourceDate "2023.10.10"]
[SourceVersion "1"]
[SourceVersionDate "2023.10.10"]
[SourceQuality "1"]

1. e4 g6 2. Nf3 Bg7 3. d4 d6 4. Nc3 a6 5. a4 b6 6. Bc4 e6 7. Bf4 Bb7 8. Qd2 Nd7 9. Bg5 Bf6 10. h4 h6 11. Bf4 Bg7 12. 0-0-0 b5 13. Bd3 b4 14. Ne2 c5 15. Bxd6 c4 16. Bxb4 cxd3 17. Qxd3 a5 18. Ba3 Ba6 19. Qd2 Ne7 20. Nc3 0-0 21. h5 g5 22. Nxg5 hxg5 23. h6 Bh8 24. h7+ Kg7 25. Qxg5+ Ng6 26. Qh6+ Kf6 27. g4 Nc5 28. Bxc5 e5 29. d5 1-0

[Event "Titled Tuesday intern op 11th Oct Early"]
[Site "Chess.com INT"]
[Date "2022.10.11"]
[Round "8"]
[White "Leiva, German"]
[Black "Vachylya, Andriy"]
[Result "0-1"]
[WhiteElo "2366"]
[BlackElo "2274"]
[PlyCount "148"]
[EventDate "2022.10.11"]
[EventType "swiss (blitz)"]
[EventRounds "11"]
[EventCountry "USA"]
[SourceTitle "EXT 2024"]
[Source "ChessBase"]
[SourceDate "2023.10.10"]
[SourceVersion "1"]
[SourceVersionDate "2023.10.10"]
[SourceQuality "1"]

1. e4 c5 2. Nf3 d6 3. d4 cxd4 4. Nxd4 Nf6 5. Nc3 a6 6. h4 e5 7. Nb3 Be7 8. Bg5 Be6 9. Bxf6 Bxf6 10. Nd5 0-0 11. g4 Bxh4 12. Qf3 Bg5 13. Bd3 Nd7 14. a4 h6 15. a5 Rc8 16. Kf1 Re8 17. Ra4 Bxd5 18. exd5 Nf6 19. Kg2 Qd7 20. Rb4 Re7 21. Bf5 Qd8 22. Bxc8 Qxc8 23. c4 Nxg4 24. c5 Nf6 25. c6 bxc6 26. dxc6 e4 27. Qh3 Qxc6 28. Rb8+ Kh7 29. Qf5+ g6 30. Qc8 Qxc8 31. Rxc8 Rb7 32. Nd4 Rxb2 33. Rd1 e3 34. Rc2 Rxc2 35. Nxc2 exf2 36. Kxf2 d5 37. Nb4 Ne4+ 38. Kf3 Nd2+ 39. Ke2 Ne4 40. Kf3 Bd2 41. Nxd5 f5 42. Nf6+ Kg7 43. Nxe4 fxe4+ 44. Kxe4 Bxa5 45. Rd7+ Kf6 46. Rd6+ Kf7 47. Rxa6 Bd8 48. Ke5 Be7 49. Ra7 h5 50. Rb7 h4 51. Kf4 Ke6 52. Kg4 Kf7 53. Rb3 Kg7 54. Rf3 Bf6 55. Rb3 Be7 56. Rb7 Kf7 57. Rb1 Ke6 58. Rf1 Bf6 59. Kf4 Kf7 60. Rh1 Be7 61. Ke5 Bf6+ 62. Kd5 Kg7 63. Rg1 Kh6 64. Ke6 Bd8 65. Rd1 Bb6 66. Rh1 Kh5 67. Ke5 Bc7+ 68. Ke4 g5 69. Rc1 Bf4 70. Rc8 Kg4 71. Rh8 h3 72. Kd3 Kg3 73. Ke2 Kg2 74. Ke1 h2 0-1

[Event "Titled Tuesday intern op 27th Sep Late"]
[Site "Chess.com INT"]
[Date "2022.09.27"]
[Round "3"]
[White "Ezat, Mohamed Mahmoud"]
[Black "Leiva, German"]
[Result "0-1"]
[WhiteElo "2391"]
[BlackElo "2389"]
[PlyCount "56"]
[EventDate "2022.09.27"]
[EventType "swiss (blitz)"]
[EventRounds "11"]
[EventCountry "USA"]
[SourceTitle "CBM 210 Extra"]
[Source "ChessBase"]
[SourceDate "2022.11.30"]
[SourceVersion "1"]
[SourceVersionDate "2022.11.30"]
[SourceQuality "1"]

1. d4 Nf6 2. c4 e6 3. Nc3 Bb4 4. e3 0-0 5. a3 Bxc3+ 6. bxc3 Nc6 7. Bd3 d6 8. Ne2 e5 9. 0-0 e4 10. Bb1 Bf5 11. Ng3 Bg6 12. Ra2 Na5 13. Qe2 b6 14. a4 Qd7 15. h3 Qc6 16. c5 dxc5 17. Ba3 cxd4 18. cxd4 Rfe8 19. Rc2 Qxa4 20. Rc3 Nd5 21. Bb2 Nxc3 22. Bxc3 Qa3 23. Bb2 Qd6 24. d5 Qxd5 25. Rd1 Qc4 26. Qe1 Rad8 27. Rc1 Qb5 28. Qe2 Qxe2 0-1

[Event "Titled Tuesday intern op 27th Sep Late"]
[Site "Chess.com INT"]
[Date "2022.09.27"]
[Round "11"]
[White "Leiva, German"]
[Black "De la Colina, Nicolas"]
[Result "1-0"]
[WhiteElo "2389"]
[BlackElo "2123"]
[PlyCount "117"]
[EventDate "2022.09.27"]
[EventType "swiss (blitz)"]
[EventRounds "11"]
[EventCountry "USA"]
[SourceTitle "CBM 210 Extra"]
[Source "ChessBase"]
[SourceDate "2022.11.30"]
[SourceVersion "1"]
[SourceVersionDate "2022.11.30"]
[SourceQuality "1"]

1. e4 c5 2. Nf3 Nc6 3. Bb5 Nf6 4. Nc3 g6 5. 0-0 Bg7 6. Re1 0-0 7. a4 d6 8. h3 e5 9. d3 h6 10. Bc4 Kh7 11. Nd5 Be6 12. Nxf6+ Qxf6 13. Bxe6 fxe6 14. c3 g5 15. Be3 Rad8 16. a5 Rd7 17. a6 b6 18. b4 Ne7 19. d4 exd4 20. cxd4 Ng6 21. dxc5 Qxa1 22. Qxa1 Bxa1 23. Rxa1 dxc5 24. bxc5 bxc5 25. Bxc5 Rfd8 26. Kh2 Rc8 27. Be3 e5 28. Rb1 Rcc7 29. Rb5 Re7 30. Bc5 Rf7 31. Bd6 Rc6 32. Bxe5 Rxa6 33. Bd4 Re7 34. e5 Ra2 35. Kg3 a5 36. Kg4 a4 37. Kf5 Rc2 38. Rb6 Nh4+ 39. Nxh4 gxh4 40. Ra6 Rc4 41. Be3 Rf7+ 42. Ke6 Rg7 43. Kd5 Rb4 44. Rxh6+ Kg8 45. Bc5 Rb2 46. Rxh4 Rxg2 47. Rxa4 Rd2+ 48. Ke6 Rh2 49. Rg4+ Kh7 50. Kf7 Rxh3 51. f4 Rd5 52. Be7 Rh5 53. Bf6 Rd1 54. e6 Re1 55. e7 Rh2 56. e8Q Rxe8 57. Kxe8 Rf2 58. Kf7 Kh6 59. Rh4# 1-0

[Event "Titled Tuesday intern op 27th Sep Late"]
[Site "Chess.com INT"]
[Date "2022.09.27"]
[Round "4"]
[White "Leiva, German"]
[Black "Fiorito, Joaquin"]
[Result "1-0"]
[WhiteElo "2389"]
[BlackElo "2271"]
[PlyCount "151"]
[EventDate "2022.09.27"]
[EventType "swiss (blitz)"]
[EventRounds "11"]
[EventCountry "USA"]
[SourceTitle "CBM 210 Extra"]
[Source "ChessBase"]
[SourceDate "2022.11.30"]
[SourceVersion "1"]
[SourceVersionDate "2022.11.30"]
[SourceQuality "1"]

1. e4 c6 2. d4 d5 3. exd5 cxd5 4. Bd3 Nc6 5. c3 Nf6 6. Ne2 g6 7. 0-0 Bg7 8. Re1 0-0 9. Nd2 Bf5 10. Bxf5 gxf5 11. Nf4 e6 12. Nf1 b5 13. Nd3 a5 14. Bg5 Qd6 15. Qf3 Ne4 16. Bf4 Qd7 17. Qh3 Ne7 18. f3 Nf6 19. g4 fxg4 20. fxg4 Ng6 21. Be5 Ne4 22. Bxg7 Kxg7 23. Ng3 Nxg3 24. Qxg3 b4 25. h4 bxc3 26. bxc3 Rac8 27. Nc5 Qc7 28. Kh2 Nxh4 29. Qxc7 Rxc7 30. Kg3 Ng6 31. Rab1 Rfc8 32. Rb5 Ra7 33. Reb1 Nf8 34. Rb7 Rc7 35. Rxc7 Rxc7 36. Rb5 Ra7 37. a4 Kf6 38. Kf4 Ng6+ 39. Kf3 Ne7 40. Nb3 Nc6 41. Rb6 Rc7 42. Rb5 Na7 43. Rc5 Rxc5 44. Nxc5 Nc6 45. Kf4 Ke7 46. Kg5 f6+ 47. Kh6 e5 48. Nb3 e4 49. Kxh7 Kf7 50. Kh6 e3 51. Nc1 Nd8 52. g5 Ne6 53. g6+ Kg8 54. Nd3 e2 55. Ne1 Nf4 56. g7 Ne6 57. Kg6 f5 58. Kxf5 Nxg7+ 59. Ke5 Kf7 60. Kxd5 Nf5 61. Kc6 Ke7 62. Kb5 Ne3 63. Kxa5 Kd6 64. Kb5 Kd5 65. a5 Nc4 66. a6 Nd6+ 67. Kb6 Kc4 68. a7 Nc8+ 69. Kb7 Nxa7 70. Kxa7 Kxc3 71. d5 Kd2 72. Ng2 Kd3 73. d6 Ke4 74. d7 Kf3 75. Ne1+ Kf2 76. Nc2 1-0

[Event "Titled Tuesday intern op 27th Sep Late"]
[Site "Chess.com INT"]
[Date "2022.09.27"]
[Round "9"]
[White "Shivakumar, Shawnak"]
[Black "Leiva, German"]
[Result "0-1"]
[WhiteElo "2081"]
[BlackElo "2389"]
[PlyCount "62"]
[EventDate "2022.09.27"]
[EventType "swiss (blitz)"]
[EventRounds "11"]
[EventCountry "USA"]
[SourceTitle "CBM 210 Extra"]
[Source "ChessBase"]
[SourceDate "2022.11.30"]
[SourceVersion "1"]
[SourceVersionDate "2022.11.30"]
[SourceQuality "1"]

1. c4 Nf6 2. Nc3 e5 3. Nf3 Nc6 4. e3 Bb4 5. Qc2 0-0 6. Nd5 d6 7. Bd3 h6 8. a3 Bc5 9. b4 Bb6 10. Nxf6+ Qxf6 11. Bb2 Qe7 12. Be2 Bg4 13. h3 Bh5 14. d3 f5 15. 0-0-0 e4 16. dxe4 fxe4 17. Nd4 Nxd4 18. exd4 Rxf2 19. g4 Qg5+ 20. Kb1 Bg6 21. h4 Qe3 22. Rhe1 c6 23. c5 d5 24. cxb6 axb6 25. Bc1 Qg3 26. Rg1 Qxh4 27. Be3 Rxa3 28. Bxf2 Qxf2 29. Qb2 Qe3 30. Bd3 Rxd3 31. Rxd3 Qxg1+ 0-1

[Event "Titled Tuesday intern op 06th Sep Late"]
[Site "Chess.com INT"]
[Date "2022.09.06"]
[Round "9"]
[White "Ozates, Tuna"]
[Black "Leiva, German"]
[Result "0-1"]
[WhiteElo "2251"]
[BlackElo "2389"]
[PlyCount "44"]
[EventDate "2022.09.06"]
[EventType "swiss (blitz)"]
[EventRounds "11"]
[EventCountry "USA"]
[SourceTitle "EXT 2023"]
[Source "ChessBase"]
[SourceDate "2022.10.05"]
[SourceVersion "1"]
[SourceVersionDate "2022.10.05"]
[SourceQuality "1"]

1. b3 d5 2. Bb2 Nf6 3. e3 c6 4. Nf3 Bf5 5. c4 e6 6. Be2 Nbd7 7. 0-0 Bd6 8. Nc3 h6 9. d3 0-0 10. a3 a5 11. Nd2 e5 12. cxd5 cxd5 13. e4 Be6 14. exd5 Nxd5 15. Nc4 Bc7 16. Bf3 Nf4 17. Bxb7 Rb8 18. Bf3 Nc5 19. Qc2 Nxb3 20. Ne4 Qxd3 21. Qxd3 Nxd3 22. Ned6 Nxb2 0-1

[Event "Titled Tuesday intern op 06th Sep Late"]
[Site "Chess.com INT"]
[Date "2022.09.06"]
[Round "10"]
[White "Zlatanovic, Boroljub"]
[Black "Leiva, German"]
[Result "1-0"]
[WhiteElo "2313"]
[BlackElo "2389"]
[PlyCount "23"]
[EventDate "2022.09.06"]
[EventType "swiss (blitz)"]
[EventRounds "11"]
[EventCountry "USA"]
[SourceTitle "EXT 2023"]
[Source "ChessBase"]
[SourceDate "2022.10.05"]
[SourceVersion "1"]
[SourceVersionDate "2022.10.05"]
[SourceQuality "1"]

1. Nc3 d5 2. e4 dxe4 3. Nxe4 Bf5 4. Ng3 Bg6 5. Nf3 Nf6 6. h4 h6 7. Ne5 Bh7 8. Qf3 c6 9. Qb3 Qd5 10. Qxb7 Qxe5+ 11. Be2 Nd5 12. Qc8# 1-0

[Event "Chubut Easter op 1st"]
[Site "Chubut"]
[Date "2021.04.03"]
[Round "5"]
[White "Leiva, German"]
[Black "Barrozo, Cristian"]
[Result "1-0"]
[WhiteElo "1934"]
[BlackElo "1821"]
[PlyCount "93"]
[EventDate "2021.04.01"]
[EventType "swiss"]
[EventRounds "6"]
[EventCountry "ARG"]
[SourceTitle "EXT 2022"]
[Source "ChessBase"]
[SourceDate "2021.10.06"]
[SourceVersion "1"]
[SourceVersionDate "2021.10.06"]
[SourceQuality "1"]

1. d4 d5 2. c4 c6 3. cxd5 cxd5 4. Nc3 g6 5. Bf4 Bg7 6. e3 Nf6 7. h3 0-0 8. Nf3 Nc6 9. Bd3 Qb6 10. a3 Bd7 11. 0-0 Nd8 12. Ne5 Ne6 13. Nxd7 Nxd7 14. Nxd5 Qd8 15. Bg3 Nf6 16. Nxf6+ Bxf6 17. Qb3 b6 18. Rfc1 Rc8 19. Bc4 Ng5 20. Ba6 Rxc1+ 21. Rxc1 Ne4 22. Bf4 g5 23. Bc7 Qd7 24. Qc2 Nd6 25. Bxd6 Qxd6 26. Qe4 Kg7 27. Bd3 Rh8 28. Qb7 a5 29. Rc6 Rb8 30. Qc7 Qxc7 31. Rxc7 h6 32. a4 Kf8 33. Bb5 e6 34. Kf1 Be7 35. Ke2 Bd8 36. Rd7 Be7 37. b3 Rc8 38. Rb7 Bd8 39. Bc4 Ke8 40. Kf3 Rc7 41. Bb5+ Kf8 42. Rxb6 Rc2 43. Rb8 Ke7 44. Rb7+ Bc7 45. Bc4 Kd8 46. g4 Rd2 47. Ra7 1-0

[Event "Titled Tuesday intern op 30th June"]
[Site "Chess.com INT"]
[Date "2020.06.30"]
[Round "2"]
[White "Leiva, German"]
[Black "Kobo, Ori"]
[Result "0-1"]
[WhiteElo "2391"]
[BlackElo "2449"]
[PlyCount "56"]
[EventDate "2020.06.30"]
[EventType "swiss (blitz)"]
[EventRounds "10"]
[EventCountry "USA"]
[SourceTitle "CBM 197 Extra"]
[Source "ChessBase"]
[SourceDate "2020.09.30"]
[SourceVersion "1"]
[SourceVersionDate "2020.09.30"]
[SourceQuality "1"]

1. d4 e6 2. Nf3 Nf6 3. e3 d5 4. Bd3 b6 5. 0-0 Bb7 6. b3 Bd6 7. Bb2 0-0 8. a3 Ne4 9. c4 Nd7 10. Nc3 f5 11. Qc2 Nxc3 12. Bxc3 dxc4 13. Bxc4 Bxf3 14. Bxe6+ Kh8 15. gxf3 Bxh2+ 16. Kxh2 Qh4+ 17. Kg2 Qg5+ 18. Kh2 Rf6 19. Bxf5 Rxf5 20. Rg1 Qh5+ 21. Kg2 Qxf3+ 22. Kf1 Raf8 23. Rg2 Nf6 24. Qe2 Qh3 25. f4 Ne4 26. Be1 g5 27. Qg4 Qxe3 28. Bf2 Rxf4 0-1

[Event "Titled Tuesday intern op 30th June"]
[Site "Chess.com INT"]
[Date "2020.06.30"]
[Round "5"]
[White "Leiva, German"]
[Black "Saito, Vinicius Ikezu"]
[Result "1/2-1/2"]
[WhiteElo "2391"]
[BlackElo "2125"]
[PlyCount "79"]
[EventDate "2020.06.30"]
[EventType "swiss (blitz)"]
[EventRounds "10"]
[EventCountry "USA"]
[SourceTitle "CBM 197 Extra"]
[Source "ChessBase"]
[SourceDate "2020.09.30"]
[SourceVersion "1"]
[SourceVersionDate "2020.09.30"]
[SourceQuality "1"]

1. d4 Nf6 2. Nf3 g6 3. Bg5 Bg7 4. Nbd2 c5 5. e3 0-0 6. c3 d6 7. Bd3 b6 8. 0-0 Bb7 9. Qe2 Nbd7 10. a4 a6 11. Bh4 Re8 12. b4 cxb4 13. cxb4 Nd5 14. b5 a5 15. Nc4 Rc8 16. Nxd6 Ba8 17. Nxe8 Qxe8 18. Rac1 Rd8 19. Bc4 Bf6 20. Bxf6 N7xf6 21. Ne5 e6 22. Rfd1 Kg7 23. Bd3 Nb4 24. Rc7 Nd7 25. Nc6 Rc8 26. Rxc8 Qxc8 27. Nxb4 axb4 28. Qb2 Qb7 29. e4 Nf6 30. f3 Qe7 31. Rb1 Nh5 32. Qxb4 Qg5 33. Bf1 Qe3+ 34. Kh1 Ng3+ 35. hxg3 Qh6+ 36. Kg1 Qe3+ 37. Kh2 Qh6+ 38. Kg1 Qe3+ 39. Kh1 Qh6+ 40. Kg1 1/2-1/2

[Event "Titled Tuesday intern op 30th June"]
[Site "Chess.com INT"]
[Date "2020.06.30"]
[Round "4"]
[White "Shkapenko, Pavel"]
[Black "Leiva, German"]
[Result "1-0"]
[WhiteElo "2424"]
[BlackElo "2391"]
[PlyCount "85"]
[EventDate "2020.06.30"]
[EventType "swiss (blitz)"]
[EventRounds "10"]
[EventCountry "USA"]
[SourceTitle "CBM 197 Extra"]
[Source "ChessBase"]
[SourceDate "2020.09.30"]
[SourceVersion "1"]
[SourceVersionDate "2020.09.30"]
[SourceQuality "1"]

1. e4 c6 2. d4 d5 3. Nc3 dxe4 4. Nxe4 Bf5 5. Qf3 e6 6. Ne2 h6 7. N2g3 Bg6 8. c3 Be7 9. Bd3 Nd7 10. Bf4 Bxe4 11. Nxe4 Ngf6 12. Nd6+ Bxd6 13. Bxd6 Qb6 14. 0-0 c5 15. dxc5 Nxc5 16. Bxc5 Qxc5 17. Qxb7 0-0 18. Qf3 a5 19. Rfe1 Rab8 20. Re2 Rfc8 21. Rae1 Rb6 22. h4 a4 23. a3 Rcb8 24. Rb1 Kf8 25. g3 Rb3 26. Qf4 Qd5 27. Bc4 Qh5 28. Bxb3 Rxb3 29. Re5 Qg6 30. Ree1 Qc2 31. Qxa4 g5 32. Rec1 Qe2 33. Qxb3 gxh4 34. Qb8+ Kg7 35. gxh4 Ne4 36. Qf4 Nd2 37. Kg2 Kf8 38. Re1 Qd3 39. Rbd1 Qg6+ 40. Qg3 Qc2 41. Qd6+ Kg7 42. Rxd2 Qg6+ 43. Qg3 1-0

[Event "Titled Tuesday intern op 12th May"]
[Site "Chess.com INT"]
[Date "2020.05.12"]
[Round "4"]
[White "Raja, Harshit"]
[Black "Leiva, German"]
[Result "1-0"]
[WhiteElo "2472"]
[BlackElo "1934"]
[PlyCount "111"]
[EventDate "2020.05.12"]
[EventType "swiss (blitz)"]
[EventRounds "10"]
[EventCountry "USA"]
[SourceTitle "CBM 196 Extra"]
[Source "ChessBase"]
[SourceDate "2020.07.31"]
[SourceVersion "1"]
[SourceVersionDate "2020.07.31"]
[SourceQuality "1"]

1. e4 c6 2. Nf3 d5 3. Nc3 dxe4 4. Nxe4 Nf6 5. Qe2 Nxe4 6. Qxe4 Qd5 7. Qf4 Qf5 8. Qe3 Qe6 9. b3 Qxe3+ 10. fxe3 Bf5 11. Bb2 e6 12. 0-0-0 a5 13. a4 Na6 14. Nh4 Bg4 15. Re1 Be7 16. Nf3 0-0 17. h3 Bf5 18. g4 Be4 19. Be2 Nb4 20. d3 Bg6 21. h4 f6 22. e4 c5 23. h5 Bf7 24. Reg1 h6 25. e5 Nd5 26. exf6 gxf6 27. d4 cxd4 28. Nxd4 Bc5 29. Rd1 Rac8 30. Bc4 Ne3 31. Bxe6 Bxd4 32. Bxf7+ Rxf7 33. Rxd4 Nxc2 34. Rf4 Na3+ 35. Kd1 Rd7+ 36. Ke1 Re8+ 37. Kf1 Rd1+ 38. Kg2 Rd2+ 39. Kh3 Rxb2 40. Rxf6 Rxb3+ 41. Kh4 Kg7 42. Rg6+ Kh7 43. Rf1 Re7 44. Rff6 Rg7 45. Rxh6+ Kg8 46. Rd6 Rb4 47. Rd8+ Kf7 48. Rd7+ Kg8 49. Rxg7+ Kxg7 50. Rg6+ Kh7 51. Rd6 Nc4 52. Rd7+ Kg8 53. Rd8+ Kf7 54. Rd7+ Ke6 55. Rg7 Ne5 56. h6 1-0

[Event "ARG-ch sf U2300 Rojas Memorial"]
[Site "Santiago del Estero"]
[Date "2018.01.13"]
[Round "1.10"]
[White "Belmonte, Dulce"]
[Black "Leiva, German"]
[Result "1/2-1/2"]
[WhiteElo "1615"]
[BlackElo "1910"]
[PlyCount "59"]
[EventDate "2018.01.13"]
[EventType "swiss"]
[EventRounds "6"]
[EventCountry "ARG"]
[SourceTitle "EXT 2024"]
[Source "ChessBase"]
[SourceDate "2023.10.10"]
[SourceVersion "1"]
[SourceVersionDate "2023.10.10"]
[SourceQuality "1"]

1. d4 d5 2. c4 Nc6 3. Nf3 Bg4 4. e3 e5 5. cxd5 Qxd5 6. Nc3 Bb4 7. Be2 exd4 8. 0-0 Qd7 9. Nxd4 Bxe2 10. Ncxe2 Nxd4 11. Qxd4 Qxd4 12. Nxd4 0-0-0 13. Nc2 Be7 14. e4 Nf6 15. f3 Bc5+ 16. Be3 Bxe3+ 17. Nxe3 Rd3 18. Nc4 Nd7 19. Rad1 Nc5 20. Ne5 Rxd1 21. Rxd1 f6 22. Nc4 Rd8 23. Rxd8+ Kxd8 24. Nd2 Na4 25. b3 Nc3 26. a3 a5 27. Kf2 Nb5 28. Nc4 b6 29. Ke3 Ke7 30. Kd3 1/2-1/2

[Event "Chubut Province-ch"]
[Site "Comodoro Rivadavia"]
[Date "2017.11.18"]
[Round "3.6"]
[White "Leiva, German"]
[Black "Barri, Marcelo Adrian"]
[Result "1-0"]
[WhiteElo "1940"]
[BlackElo "1537"]
[PlyCount "93"]
[EventDate "2017.11.17"]
[EventType "swiss"]
[EventRounds "7"]
[EventCountry "ARG"]
[SourceTitle "EXT 2024"]
[Source "ChessBase"]
[SourceDate "2023.10.10"]
[SourceVersion "1"]
[SourceVersionDate "2023.10.10"]
[SourceQuality "1"]

1. d4 e6 2. c4 f5 3. Nf3 Nf6 4. g3 d5 5. Bg2 c6 6. b3 Bd6 7. 0-0 0-0 8. Ba3 Ne4 9. Bxd6 Nxd6 10. c5 Ne4 11. Nbd2 Nc3 12. Qc2 Ne4 13. Ne5 Nd7 14. Ndf3 Ng5 15. Ne1 Nf7 16. f4 Ndxe5 17. dxe5 g5 18. e3 Kh8 19. Nf3 g4 20. Nd4 h5 21. Rf2 h4 22. Bf1 Kg7 23. Rd1 Rh8 24. Be2 hxg3 25. hxg3 Qg8 26. Rg2 Kf8 27. b4 Ke7 28. b5 Bd7 29. Qa4 Qc8 30. Qb4 a6 31. bxa6 bxa6 32. Rb1 a5 33. Qa3 Qc7 34. Bf1 Qa7 35. Rgb2 Rhb8 36. Rxb8 Rxb8 37. Rxb8 Qxb8 38. Qxa5 Qb1 39. Qd2 Nd8 40. a4 Bc8 41. Kf2 Bd7 42. Ba6 Qh1 43. Bf1 Nb7 44. a5 Nxc5 45. Qb4 Kd8 46. Qxc5 Kc8 47. Qb6 1-0

[Event "Villa Tehuelches 50 aniversity 2nd"]
[Site "Villa Tehuelches"]
[Date "2016.07.14"]
[Round "4.7"]
[White "Ortiz, Andres"]
[Black "Leiva, German"]
[Result "1-0"]
[WhiteElo "2098"]
[BlackElo "1875"]
[PlyCount "119"]
[EventDate "2016.07.12"]
[EventType "swiss"]
[EventRounds "7"]
[EventCountry "CHI"]
[SourceTitle "EXT 2024"]
[Source "ChessBase"]
[SourceDate "2023.10.10"]
[SourceVersion "1"]
[SourceVersionDate "2023.10.10"]
[SourceQuality "1"]

1. d4 e6 2. c4 Nf6 3. Nf3 c5 4. d5 b5 5. cxb5 exd5 6. g3 a6 7. bxa6 Bxa6 8. Bg2 Be7 9. 0-0 Nc6 10. Re1 0-0 11. Bg5 h6 12. Bxf6 Bxf6 13. Nc3 d4 14. Nd5 Bc4 15. Nxf6+ Qxf6 16. b3 Be6 17. e3 dxe3 18. Rxe3 Rfb8 19. Nd2 Qd4 20. Re4 Qb2 21. Nc4 Qf6 22. Rf4 Qe7 23. Bd5 Bxd5 24. Qxd5 Nd4 25. Kf1 Ra6 26. Re1 Re6 27. Re3 Re8 28. Nd6 Rf8 29. Nf5 Nxf5 30. Qxf5 Rxe3 31. fxe3 Ra8 32. a4 Rb8 33. Qd5 Qe6 34. Qxc5 Rxb3 35. Qc8+ Kh7 36. Qc2+ g6 37. e4 Qh3+ 38. Kg1 Rxg3+ 39. Kh1 Rf3 40. Rxf3 Qxf3+ 41. Kg1 h5 42. a5 Qe3+ 43. Kf1 Qf4+ 44. Qf2 Qc1+ 45. Qe1 Qa3 46. Kf2 g5 47. Qd2 Qc5+ 48. Kf3 g4+ 49. Kf4 Qc6 50. Qd5 Qh6+ 51. Ke5 Kg7 52. Qxd7 Qf6+ 53. Kd5 Qc3 54. Qb5 Qd2+ 55. Kc6 Qxh2 56. Qg5+ Kf8 57. a6 Qc2+ 58. Qc5+ Qxc5+ 59. Kxc5 Kg7 60. a7 1-0